LIBRARY & INFORMATION CENTRE, KCAET, TAVANUR

ONLINE PUBLIC ACCESS CATALOGUE (OPAC)

Interpretting and using regression / (Record no. 8121)

MARC details
000 -LEADER
fixed length control field 00467cam a2200181ua 4500
020 ## - INTERNATIONAL STANDARD BOOK NUMBER
ISBN 0 8039 1915 8
041 ## - LANGUAGE CODE
Language code of text/sound track or separate title eng
082 ## - DEWEY DECIMAL CLASSIFICATION NUMBER
Classification number 300.1
Item number ACH/IN
100 ## - MAIN ENTRY--AUTHOR NAME
Personal name Achen, Christopher H .
245 ## - TITLE STATEMENT
Title Interpretting and using regression /
250 ## - EDITION STATEMENT
Edition statement 1 /
260 ## - PUBLICATION, DISTRIBUTION, ETC. (IMPRINT)
Place of publication New Delhi :
Name of publisher Sage Publications ,
Year of publication 1982.
300 ## - PHYSICAL DESCRIPTION
Number of Pages 87 ; .
500 ## - GENERAL NOTE
General note **Reference
942 ## - ADDED ENTRY ELEMENTS (KOHA)
Koha item type Books
Holdings
Withdrawn status Lost status Damaged status Home library Current library Date acquired Full call number Accession Number Koha item type
      KAUAET KAUAET 07/04/2012 300.1 20167 Reference
free website counter